000 00959nam a2200229Ia 4500
001 L264-21097
003 IT-CnALBA
008 170116s9999||||xx |||||||||||||| ||und||
040 _aIT-CnALBA
_cIT-CnALBA
041 _aITALIANO
100 _aCASA FAUSTO
245 0 _aPREGHIAMO. (ESTRATTO). GUIDA SPIRITUALE DEL GIOVANE FRANCESCANO.
250 _a1a ed.
260 _a PADOVA
_bMESSAGGERO DI S. ANTONIO
_c1967 [1° Ed.:1967 - Ed.Ling.Originale: 1967]
300 _a48 p.
500 _aPREGHIERE MATTINO E SERA. ESAME DI COSCIENZA. PRIMA E DOPO LE AZIONI. PER OGNI GIORNO DELLA SETTIMANA. TE DEUM. MISERERE.
501 _aSocietà San Paolo EM - Piazza San Paolo, 14 - 12051 ALBA (CN) (non commercial uses only) ® Copyright 2017
520 _aPREGHIERE MATTINO E SERA. ESAME DI COSCIENZA. PRIMA E DOPO LE AZIONI. PER OGNI GIORNO DELLA SETTIMANA. TE DEUM. MISERERE.
650 _aCULTO PUBBLICO LITURGIA
942 _cBK
957 _71
999 _a25832
_bNO
_g Copie: 1
_c280204
_d280204